Výber, rozvoj a vzdelávanie ľudských zdrojov v bankovom sektore bakalárska práca

Saved in:
Bibliographic Details
Main Author: Bakajsová, Dorota
Corporate Author: Národohospodárska fakulta EU. Katedra sociálneho rozvoja a práce
Other Authors: Dubovská, Miriama, 1990-
Format: Book
Language:Slovak
Published: Bratislava 2020
Tags: Add Tag
No Tags, Be the first to tag this record!

MARC

LEADER 00000nbm a2200000 4500
001 0265513
005 20200910141213.5
041 0 |a slo 
044 |a SK 
245 1 0 |a Výber, rozvoj a vzdelávanie ľudských zdrojov v bankovom sektore  |b bakalárska práca  |c Dorota Bakajsová ; školiteľ: Miriama Dubovská 
264 1 |a Bratislava  |c 2020 
300 |a 61 s. 
100 1 |a Bakajsová, Dorota 
700 1 |a Dubovská, Miriama, 1990- 
710 2 |a Národohospodárska fakulta EU. Katedra sociálneho rozvoja a práce